| 000 | 00556nam a22001817a 4500 | ||
|---|---|---|---|
| 999 |
_c12509 _d12509 |
||
| 008 | 241001b 2023 ||||| |||| 00| 0 eng d | ||
| 082 |
_a341.474 _bANW |
||
| 100 | _aAnwar, Nadeem | ||
| 245 | _aBallast water management | ||
| 250 | _a14th ed. | ||
| 260 |
_aUK _bWitherby Publishing Group Ltd. _c2023 |
||
| 300 | _axvi, 421p. | ||
| 650 | _aPort State Authorities and Port State Control | ||
| 650 | _aChemical, Biocide and Electrochemical Technologies | ||
| 650 | _aShip Administration of BWM | ||
| 700 |
_aChurcher, Linda _eRevised by |
||
| 942 | _cBK | ||